[Event "KUW-ch"]
[Site "Kuwait City"]
[Date "2024.02.01"]
[Round "9"]
[White "Alenezi, Hamad"]
[Black "Alrefae, Ahmad"]
[Result "0-1"]
[WhiteElo "1419"]
[BlackElo "1338"]
[PlyCount "74"]
[EventDate "2024.01.22"]
[EventType "swiss"]
[EventRounds "9"]
[EventCountry "KUW"]
[SourceTitle "CB07_2024"]
[SourceDate "2024.02.14"]
[SourceVersion "1"]
[SourceVersionDate "2024.02.14"]
[SourceQuality "1"]

1. Nc3 f5 2. e4 fxe4 3. Nxe4 d5 4. Ng3 Nf6 5. d4 Be6 6. Nf3 g6 7. Bd3 Qd6 8. Bd2 Nbd7 9. Qe2 Bf7 10. Ne5 Be6 11. a3 c5 12. c3 Bg7 13. h3 Qb6 14. Be3 Nxe5 15. dxe5 Nd7 16. f4 Qc7 17. 0-0 0-0-0 18. a4 Rdf8 19. a5 h5 20. Bxg6 Bxh3 21. gxh3 h4 22. Nf5 e6 23. Nd6+ Kb8 24. b4 Rhg8 25. Kh2 Nxe5 26. bxc5 Nxg6 27. Rab1 Ka8 28. Rxb7 Qc6 29. Rg1 Bxc3 30. Qc2 d4 31. Bc1 Nxf4 32. Rxg8 Rxg8 33. Bxf4 d3 34. Qf2 Be1 35. Qf1 d2 36. Bxd2 Bg3+ 37. Kg1 Bxd6+ 0-1

[Event "KUW-ch"]
[Site "Qadsiya"]
[Date "2022.03.14"]
[Round "7"]
[White "Alenezi, Hamad"]
[Black "Al Hajiri, Bader"]
[Result "0-1"]
[WhiteElo "1441"]
[BlackElo "2046"]
[PlyCount "74"]
[EventDate "2022.03.06"]
[EventType "tourn"]
[EventRounds "9"]
[EventCountry "KUW"]
[SourceTitle "CBM 207 Extra"]
[Source "ChessBase"]
[SourceDate "2022.05.31"]
[SourceVersion "1"]
[SourceVersionDate "2022.05.31"]
[SourceQuality "1"]

1. e4 e5 2. Nf3 Nc6 3. Bc4 Nf6 4. d3 Bc5 5. c3 a6 6. a4 d6 7. b4 Ba7 8. Be3 d5 9. exd5 Nxd5 10. Bxa7 Rxa7 11. h3 Nf4 12. g4 b5 13. axb5 axb5 14. Rxa7 Nxa7 15. Bb3 Nxd3+ 16. Kf1 Bb7 17. Rg1 e4 18. Nd4 Qh4 19. Rg3 Qf6 20. Rxd3 exd3 21. Qxd3 0-0 22. Nd2 Nc6 23. Ne4 Qf4 24. Bc2 Qc1+ 25. Kg2 Nxd4 26. cxd4 f5 27. gxf5 Rxf5 28. f3 Bxe4 29. Qxe4 Rg5+ 30. Kf2 Qg1+ 31. Ke2 Rg2+ 32. Kd3 Qf1+ 33. Kc3 Qc4+ 34. Kb2 Qxb4+ 35. Ka1 Qa3+ 36. Kb1 Rg1+ 37. Bd1 Qb3+ 0-1

[Event "KUW-ch"]
[Site "Kuwait"]
[Date "2022.01.05"]
[Round "4"]
[White "Alhejab, Meshal"]
[Black "Alenezi, Hamad"]
[Result "1-0"]
[WhiteElo "1655"]
[BlackElo "1424"]
[PlyCount "59"]
[EventDate "2022.01.03"]
[EventType "swiss"]
[EventRounds "9"]
[EventCountry "KUW"]
[SourceTitle "CBM 206 Extra"]
[Source "ChessBase"]
[SourceDate "2022.03.31"]
[SourceVersion "1"]
[SourceVersionDate "2022.03.31"]
[SourceQuality "1"]

1. e4 c6 2. d4 d5 3. Nc3 dxe4 4. Nxe4 Nf6 5. Nxf6+ exf6 6. Nf3 Bd6 7. Bd3 0-0 8. 0-0 Nd7 9. Nd2 Re8 10. f4 Nf8 11. f5 Bc7 12. Nb3 b6 13. c4 Bb7 14. Qg4 Qd7 15. Bh6 g6 16. Qh4 g5 17. Qh5 Qd6 18. Rf3 Qxh2+ 19. Qxh2 Bxh2+ 20. Kxh2 Nd7 21. c5 Rad8 22. Kg1 Re7 23. Kf2 Rde8 24. Rh1 Bc8 25. Rfh3 Nb8 26. g4 Bd7 27. Bxg5 Bxf5 28. gxf5 h6 29. Bxf6 Rd7 30. Rxh6 1-0

[Event "KUW-ch sf"]
[Site "Kuwait"]
[Date "2018.11.22"]
[Round "6"]
[White "Alhejab, Meshal"]
[Black "Alenezi, Hamad"]
[Result "0-1"]
[WhiteElo "1509"]
[BlackElo "1347"]
[PlyCount "60"]
[EventDate "2018.11.16"]
[EventType "swiss"]
[EventRounds "9"]
[EventCountry "KUW"]
[SourceTitle "CBM 187 Extra"]
[Source "ChessBase"]
[SourceDate "2018.11.04"]
[SourceVersion "1"]
[SourceVersionDate "2018.11.04"]
[SourceQuality "1"]

1. e4 c5 2. Nf3 d6 3. d4 cxd4 4. Nxd4 Nf6 5. Nc3 a6 6. Be2 e6 7. Be3 Be7 8. Qd2 0-0 9. 0-0 Nbd7 10. f4 Qc7 11. Nb3 b5 12. a3 Bb7 13. Bf3 Rac8 14. h3 Nb6 15. Bxb6 Qxb6+ 16. Kh1 Rfd8 17. Qf2 Qxf2 18. Rxf2 d5 19. e5 Nd7 20. Re2 g6 21. g4 Nc5 22. g5 Nxb3 23. cxb3 Kg7 24. b4 Rc4 25. Rg1 Rxf4 26. Rg3 Rxf3 27. Rxf3 d4 28. Ne4 d3 29. Ree3 Bxe4 30. Rxe4 d2 0-1

[Event "KUW-ch sf"]
[Site "Kuwait"]
[Date "2018.11.20"]
[Round "5"]
[White "Alenezi, Hamad"]
[Black "Alazmi, Abdulrahman"]
[Result "1-0"]
[WhiteElo "1347"]
[BlackElo "1229"]
[PlyCount "43"]
[EventDate "2018.11.16"]
[EventType "swiss"]
[EventRounds "9"]
[EventCountry "KUW"]
[SourceTitle "CBM 187 Extra"]
[Source "ChessBase"]
[SourceDate "2018.11.04"]
[SourceVersion "1"]
[SourceVersionDate "2018.11.04"]
[SourceQuality "1"]

1. e4 e5 2. Nf3 Nc6 3. Nc3 Bc5 4. Bc4 Nge7 5. d3 f6 6. a3 a6 7. 0-0 d6 8. h3 b5 9. Bb3 Nd4 10. Nxd4 Bxd4 11. Be3 Bb7 12. Bxd4 exd4 13. Ne2 c5 14. Nf4 Ng6 15. Qh5 Ke7 16. Nd5+ Kf8 17. f4 c4 18. dxc4 Bxd5 19. Qxd5 Ne7 20. Qh5 Ra7 21. cxb5 axb5 22. Qf7# 1-0

[Event "KUW-ch First Stage"]
[Site "Kuwait"]
[Date "2017.12.14"]
[Round "5.13"]
[White "Alenezi, Hamad"]
[Black "Shfakah, Turki"]
[Result "1-0"]
[WhiteElo "1324"]
[BlackElo "1210"]
[PlyCount "57"]
[EventDate "2017.12.09"]
[EventType "swiss"]
[EventRounds "9"]
[EventCountry "KUW"]
[SourceTitle "EXT 2024"]
[Source "ChessBase"]
[SourceDate "2023.10.10"]
[SourceVersion "1"]
[SourceVersionDate "2023.10.10"]
[SourceQuality "1"]

1. e4 c5 2. d4 cxd4 3. Qxd4 Nc6 4. Qd3 d6 5. Nf3 h6 6. Nc3 e6 7. Be3 Be7 8. a3 a6 9. h3 Qc7 10. Be2 Nf6 11. Qd2 e5 12. Nd5 Qd8 13. Bb6 Qd7 14. Nc7+ Kf8 15. Nxa8 Nxe4 16. Qd5 Qf5 17. Bd3 Be6 18. Qxe4 Qxe4+ 19. Bxe4 f5 20. Bxc6 bxc6 21. Nc7 Bf7 22. Nxa6 c5 23. 0-0-0 e4 24. Nd2 g5 25. Ba5 Bd5 26. Bc3 Rh7 27. Nc7 Bb7 28. Nf1 Kf7 29. Nd5 1-0

[Event "KUW-ch First Stage"]
[Site "Kuwait"]
[Date "2017.12.10"]
[Round "2.14"]
[White "Alkandari, Adel"]
[Black "Alenezi, Hamad"]
[Result "0-1"]
[WhiteElo "1158"]
[BlackElo "1324"]
[PlyCount "80"]
[EventDate "2017.12.09"]
[EventType "swiss"]
[EventRounds "9"]
[EventCountry "KUW"]
[SourceTitle "EXT 2024"]
[Source "ChessBase"]
[SourceDate "2023.10.10"]
[SourceVersion "1"]
[SourceVersionDate "2023.10.10"]
[SourceQuality "1"]

1. d4 d5 2. c4 dxc4 3. Nf3 Nf6 4. e3 e6 5. Bxc4 c5 6. 0-0 Nc6 7. Qe2 Be7 8. Rd1 Qc7 9. Nc3 a6 10. a4 0-0 11. h3 Bd7 12. d5 exd5 13. Nxd5 Nxd5 14. Bxd5 Bf6 15. Rb1 Rfe8 16. b3 Bf5 17. e4 Nb4 18. Qc4 Nxd5 19. exf5 Nb4 20. Bb2 Bxb2 21. Rxb2 Rad8 22. Rxd8 Rxd8 23. Rb1 Qd6 24. Qg4 Qf6 25. h4 Rd5 26. Re1 h6 27. Qh5 Kf8 28. Ng5 Qxf5 29. Qe2 Qd7 30. Qe4 hxg5 31. Qh7 f6 32. h5 Rd1 33. Rxd1 Qxd1+ 34. Kh2 Qxb3 35. h6 Qg8 36. hxg7+ Qxg7 37. Qf5 Qe7 38. Qc8+ Kg7 39. Qf5 Qe5+ 40. Qxe5 fxe5 0-1